000 00319nam a22001217a 4500
008 240711b |||||||| |||| 00| 0 eng d
020 _a81-88327-72-7
100 _aM. Chopra
245 _aThe Bharatiya Nagarik Suraksha Sanhita, 2023
260 _aDelhi
_bCapital Law Infotech
_c2024
300 _a442
942 _2ddc
_cBK
999 _c20764
_d20764